MARC details
| 000 -LEADER |
| campo de control de longitud fija |
01673aam a2200433 i 4500 |
| 001 - NÚMERO DE CONTROL |
| campo de control |
MOR01000076901 |
| 003 - IDENTIFICADOR DE NÚMERO DE CONTROL |
| campo de control |
mxcmmo |
| 005 - FECHA Y HORA DE LA ÚLTIMA TRANSACCIÓN |
| campo de control |
20260331135823.0 |
| 007 - CAMPO FIJO DE DESCRIPCIÓN FÍSICA--INFORMACIÓN GENERAL |
| campo de control de longitud fija |
ta |
| 008 - DATOS DE LONGITUD FIJA--INFORMACIÓN GENERAL |
| campo de control de longitud fija |
862305s1868 jam g 000 0 spa d |
| 035 ## - NÚMERO DE CONTROL DEL SISTEMA |
| Número de control de sistema |
862830 |
| 040 ## - FUENTE DE CATALOGACIÓN |
| Centro catalogador/agencia de origen |
mxcmmo |
| Lengua de catalogación |
spa |
| Normas de descripción |
rda |
| Centro/agencia transcriptor |
mxcmmo |
| 041 0# - CÓDIGO DE IDIOMA |
| Código de lengua del texto/banda sonora o título independiente |
spa |
| 043 ## - CÓDIGO DE ÁREA GEOGRÁFICA |
| Código de área geográfica |
n-mx--- |
| 045 ## - PERIODO DE TIEMPO DEL CONTENIDO |
| Código de periodo de tiempo |
v8w6 |
| 082 04 - NÚMERO DE LA CLASIFICACIÓN DECIMAL DEWEY |
| Número de clasificación |
D345.2 |
| Número de ítem |
CON.q |
| 245 00 - MENCIÓN DEL TÍTULO |
| Título |
Consulta que el C. Lic. Ignacio L. Vallarta y otros varios letrados, dan al C. Fermín Gómez Farías, representante del C. Manuel de la Pedreguera Romero de Terreros, con motivo del despojo de las Salinas de Cuyutlan, dictado y llevado a efecto por D. José María Mendoza ... |
| 264 #1 - PRODUCCIÓN, PUBLICACIÓN, DISTRIBUCIÓN, FABRICACIÓN Y COPYRIGHT |
| Producción, publicación, distribución, fabricación y copyright |
Guadalajara, Jalisco : |
| Nombre del de productor, editor, distribuidor, fabricante |
Tipografía Económica de Luis P. Vidaurri, |
| Fecha de producción, publicación, distribución, fabricación o copyright |
1868. |
| 300 ## - DESCRIPCIÓN FÍSICA |
| Extensión |
58 páginas; |
| Dimensiones |
20 cm |
| 336 ## - TIPO DE CONTENIDO |
| Término de tipo de contenido |
texto |
| Código de tipo de contenido |
txt |
| Fuente |
rdacontent |
| 337 ## - TIPO DE MEDIO |
| Nombre/término del tipo de medio |
sin medio |
| Código del tipo de medio |
n |
| Fuente |
rdamedia |
| 338 ## - TIPO DE SOPORTE |
| Nombre/término del tipo de soporte |
volumen |
| Código del tipo de soporte |
nc |
| Fuente |
rdacarrier |
| 500 ## - NOTA GENERAL |
| Nota general |
Disponible en BIBLIOTECA DIGITAL |
| 650 #7 - PUNTO DE ACCESO ADICIONAL DE MATERIA--TÉRMINO DE MATERIA |
| Término de materia o nombre geográfico como elemento de entrada |
Juicios |
| Subdivisión geográfica |
Colima |
| 9 (RLIN) |
133046 |
| 650 #7 - PUNTO DE ACCESO ADICIONAL DE MATERIA--TÉRMINO DE MATERIA |
| Término de materia o nombre geográfico como elemento de entrada |
Tierras |
| Subdivisión general |
Tenencia |
| Subdivisión geográfica |
Colima |
| 9 (RLIN) |
133047 |
| 651 #7 - PUNTO DE ACCESO ADICIONAL DE MATERIA--NOMBRE GEOGRÁFICO |
| Nombre geográfico |
Cuyutlan (Colima) |
| Subdivisión general |
Historia |
| 9 (RLIN) |
133048 |
| 700 1# - ENTRADA AGREGADA--NOMBRE PERSONAL |
| Nombre de persona |
Gómez Farías, Fermín |
| 9 (RLIN) |
133049 |
| 700 1# - ENTRADA AGREGADA--NOMBRE PERSONAL |
| Nombre de persona |
Vallarta, Ignacio Luis |
| Fechas asociadas al nombre |
1830-1893 |
| 9 (RLIN) |
11865 |
| 856 ## - LOCALIZACIÓN Y ACCESO ELECTRÓNICOS |
| Identificador Uniforme de Recurso |
<a href="https://mora.koha.es/cgi-bin/koha/opac-retrieve-file.pl?id=f40876e8e6617b9a8464a191ee627cbf">https://mora.koha.es/cgi-bin/koha/opac-retrieve-file.pl?id=f40876e8e6617b9a8464a191ee627cbf</a> |
| Nota pública |
Acceso PDF |
| 900 ## - ELEMENTOS DE DATOS A LOCAL, LDA (RLIN) |
| Nombre de persona |
ALEPH14 |
| Numeración |
Sandra Magdalena Ramírez Vilchis |
| Títulos y otros términos asociados al nombre |
20061103 |
| Lenguaje de la obra |
MOR01 |
| 900 ## - ELEMENTOS DE DATOS A LOCAL, LDA (RLIN) |
| Nombre de persona |
BATCH-UPD |
| Numeración |
00 |
| Títulos y otros términos asociados al nombre |
20120323 |
| Lenguaje de la obra |
MOR01 |
| 900 ## - ELEMENTOS DE DATOS A LOCAL, LDA (RLIN) |
| Nombre de persona |
BATCH-UPD |
| Numeración |
10 |
| Títulos y otros términos asociados al nombre |
20120321 |
| Lenguaje de la obra |
MOR01 |
| 900 ## - ELEMENTOS DE DATOS A LOCAL, LDA (RLIN) |
| Nombre de persona |
BATCH |
| Numeración |
00 |
| Títulos y otros términos asociados al nombre |
20120322 |
| Lenguaje de la obra |
MOR01 |
| 900 ## - ELEMENTOS DE DATOS A LOCAL, LDA (RLIN) |
| Nombre de persona |
DYNIX |
| Numeración |
00 |
| Títulos y otros términos asociados al nombre |
20030304 |
| Lenguaje de la obra |
MOR01 |
| 900 ## - ELEMENTOS DE DATOS A LOCAL, LDA (RLIN) |
| Nombre de persona |
VOBO |
| Numeración |
40 |
| Títulos y otros términos asociados al nombre |
20240410 |
| Lenguaje de la obra |
MOR01 |
| 904 ## - ELEMENTOS DE DATOS D LOCAL, LDD (RLIN) |
| a |
UPDATE |
| 942 ## - ELEMENTOS DE ENTRADA SECUNDARIOS (KOHA) |
| Código de la institución [OBSOLETO] |
BK |
| 901 ## - ELEMENTOS DE DATOS A LOCAL LDA (RLIN) |
| a |
batch batch |